header

Downcast eyes (Record no. 208021)

MARC details
000 -LEADER
fixed length control field 01565nam a2200409 a 4500
082 04 - DEWEY DECIMAL CLASSIFICATION NUMBER
Classification number 194
100 1# - MAIN ENTRY--AUTHOR NAME
Personal name Jay, Martin,
245 10 - TITLE STATEMENT
Title Downcast eyes
260 ## - PUBLICATION, DISTRIBUTION, ETC. (IMPRINT)
Place of publication Berkeley :
Name of publisher University of California Press,
Year of publication c1993.
300 ## - PHYSICAL DESCRIPTION
Number of Pages xi, 632 p.
500 ## - GENERAL NOTE
General note "A Centennial book"--P. [ii].
General note First paperback printing 1994.
650 #0 - SUBJECT ADDED ENTRY--TOPICAL TERM
Topical Term Vision.
Topical Term Cognition and culture.
Topical Term Philosophy, French
856 40 - ELECTRONIC LOCATION AND ACCESS
Uniform Resource Identifier http://site.ebrary.com/lib/rucke/Doc?id=10611516

No items available.

© 2026 Rongo University
Contact us: librarian | system librarian | Rongo university